Statistiques concernant Daft Punk - Paroles de Digital Love

Cliquez ici pour prendre le quiz!

Statistiques générales

  • Ce quiz a été pris 17 fois
  • Le résultat moyen est 108 sur 143

Statistiques - réponses

Paroles% Correct
the
100%
The
100%
a
92%
and
92%
And
92%
do
92%
Don't
92%
don't
92%
Ooh,
92%
so
92%
about
83%
About
83%
As
83%
beside
83%
dancing
83%
dream,
83%
dream
83%
feel
83%
feeling
83%
had
83%
I
83%
I'm
83%
In
83%
it
83%
it,
83%
kind
83%
Last
83%
long
83%
night
83%
night,
83%
of
83%
right
83%
right,
83%
this
83%
to
83%
waited
83%
you
83%
all
75%
closer
75%
come
75%
fun
75%
gets
75%
I've
75%
just
75%
know
75%
little
75%
stop,
75%
stronger
75%
true
75%
we
75%
We
75%
what
75%
around
67%
gone
67%
having
67%
my
67%
nothing
67%
There's
67%
was
67%
were
67%
your
67%
arms
58%
Before
58%
But
58%
comes
58%
is
58%
jam,
58%
knew
58%
like
58%
looked
58%
make
58%
put
58%
shining
58%
suddenly,
58%
sun
58%
too
58%
wish
58%
everyone
50%
time
50%
We'll
50%
Why
50%
wrong
50%
You're
50%
game?
42%
play
42%
wrap
42%
rhythm
33%
with
33%

Distribution des résultats

Percentile par nombre de réponses

% des personnes avec chaque résultat

Votre développement - résultats

Vous n’avez pas pris ce quiz